Matemáticas aplicadas (Registro nro. 168)
[ vista simple ]
| 000 -LEADER | |
|---|---|
| fixed length control field | 01253 a2200229 4500 |
| 001 - CONTROL NUMBER | |
| control field | 253 |
| 005 - DATE AND TIME OF LATEST TRANSACTION | |
| control field | 20260407155417.0 |
| 008 - FIXED-LENGTH DATA ELEMENTS--GENERAL INFORMATION | |
| fixed length control field | 260407a2009 arg spa d |
| 003 - CONTROL NUMBER IDENTIFIER | |
| control field | AR-UNSa-BCEJYS |
| 040 ## - CATALOGING SOURCE | |
| Original cataloging agency | AR-UNSa-BCEJYS |
| Language of cataloging | spa |
| Transcribing agency | AR-UNSa-BCEJYS |
| 080 ## - UNIVERSAL DECIMAL CLASSIFICATION NUMBER | |
| Universal Decimal Classification number | 510 |
| Common auxiliary subdivision | Consideraciones fundamentales y generales de las matemáticas<br/> |
| 100 1# - MAIN ENTRY--PERSONAL NAME | |
| Personal name | Arya, Jagdish C. |
| 245 10 - TITLE STATEMENT | |
| Title | Matemáticas aplicadas |
| Name of part/section of a work | a la administración y a la economía |
| 250 ## - EDITION STATEMENT | |
| Edition statement | 5a. ed. |
| 264 #1 - PRODUCTION, PUBLICATION, DISTRIBUTION, MANUFACTURE, AND COPYRIGHT NOTICE | |
| Place of production, publication, distribution, manufacture | México : |
| Name of producer, publisher, distributor, manufacturer | Pearson Educación |
| Date of production, publication, distribution, manufacture, or copyright notice | 2009 |
| 300 ## - PHYSICAL DESCRIPTION | |
| Extent | xiii, 818 p. |
| Dimensions | 25 cm |
| 505 ## - FORMATTED CONTENTS NOTE | |
| Formatted contents note | 1. Algebra 2. Ecuaciones de una variable 3. Desigualdades 4. Líneas rectas 5. Funciones y sus gráficas 6. Logaritmos y exponenciales 7. Progresiones y matemáticas financieras 8. Algebra de matrices 9. Inversas y determinantes 10. Programación lineal 11. La derivada 12. Cálculo de derivadas 13. Optimización y bosquejo de curvas 14. Más sobre derivadas 15. Integración 16. La integral definida 17. Funciones de varias variables |
| 590 ## - LOCAL NOTE (RLIN) | |
| Local note | niveau_biblio:m niveau_hierar:0 |
| 700 1# - ADDED ENTRY--PERSONAL NAME | |
| Personal name | Lardner, Robin W. |
| 856 41 - ELECTRONIC LOCATION AND ACCESS | |
| Uniform Resource Identifier | <a href="https://biblioeco.unsa.edu.ar/pmb/images/libros/Matem?ticas Aplicadas a la administraci?n y a la econom?a(5a ed).jpg">https://biblioeco.unsa.edu.ar/pmb/images/libros/Matem?ticas Aplicadas a la administraci?n y a la econom?a(5a ed).jpg</a> |
| Link text | Imagen de portada |
| Electronic format type | image/jpeg |
| 942 ## - ADDED ENTRY ELEMENTS (KOHA) | |
| Koha item type | |
| Withdrawn status | Lost status | Damaged status | Not for loan | Home library | Current library | Shelving location | Date acquired | Total checkouts | Full call number | Barcode | Date last seen | Price effective from | Koha item type | Public note |
|---|---|---|---|---|---|---|---|---|---|---|---|---|---|---|
| Biblioteca Prof. Eusebio Cleto del Rey | Biblioteca Prof. Eusebio Cleto del Rey | 07/04/2026 | 510 A797 5ed. | L117711 | 07/04/2026 | 07/04/2026 | Libro | |||||||
| Biblioteca Prof. Eusebio Cleto del Rey | Biblioteca Prof. Eusebio Cleto del Rey | 07/04/2026 | 510 A797 5ed. | L117712 | 07/04/2026 | 07/04/2026 | Libro | HOJA FINAL ARRUGADA - ESCRITO CON LÁPIZ (PÁG 11, 179 A 181)- PRIMERAS PÁGINAS UN POCO HÚMEDAS | ||||||
| Biblioteca Prof. Eusebio Cleto del Rey | Biblioteca Prof. Eusebio Cleto del Rey | 07/04/2026 | 510 A797 5ed. | L117713 | 07/04/2026 | 07/04/2026 | Libro | PRIMERAS HOJAS HÚMEDAS HACIA CANTO SUPERIOR E INFERIOR - PRIMERA Y ÚLTIMA PÁGINAS MANCHADAS Y ARRUGADAS - CANTO MANCHADO CON FLUOR | ||||||
| Biblioteca Prof. Eusebio Cleto del Rey | Biblioteca Prof. Eusebio Cleto del Rey | 07/04/2026 | 510 A797 5ed. | L117714 | 07/04/2026 | 07/04/2026 | Libro | PÁG 553 Y 554 CON MANCHITAS DE TINTA - UN POCO HÚMEDO EN CANTO INFERIOR - LÁPIZ PÁG 31 - PRIMERA Y ÚLTIMA PÁGINA MANCHADAS - CANTO MANCHADO - PAG. 793 ROTA - | ||||||
| Biblioteca Prof. Eusebio Cleto del Rey | Biblioteca Prof. Eusebio Cleto del Rey | 07/04/2026 | 510 A797 5ed. | L117715 | 07/04/2026 | 07/04/2026 | Libro | UN POCO HÚMEDO - 1° PÁG, 82,97 Y 221 CON MANCHAS |